A Lista de Schindler (Registo nº 1229)
[ vista simples ]
| 000 -Etiqueta do registo | |
|---|---|
| Cabeçalho | 01602nlm0a2200349 4500 |
| 005 - Identificador da versão | |
| Campo de controlo | 20240813121830.0 |
| 071 0# - Número do editor (registos sonoros e música) | |
| Número do editor | 9045/2003 |
| 100 ## - Dados gerais de processamento | |
| Dados gerais de processamento | 20110110d2003 c y0pory5003 ba |
| 102 ## - Pais de publicação ou produção | |
| País de publicação | Portugal |
| 101 0# - Língua de publicação | |
| Língua do texto, banda sonora, etc. | Inglês |
| Língua das legendas | Português |
| 115 ## - Campo de dados codificados: Projecções Visuais, Filmes e Vídeos | |
| Dados modificados - geral | c195bbzzzbzz zzxxc |
| 215 ## - Descrição física | |
| Indicação específica da natureza do documento e extensão da espécie | 1 DVD (PAL 2) ( 195 min.) |
| Outras indicações físicas | col., son. |
| 200 1# - Titulo e menção de responsabilidade | |
| Título próprio | A Lista de Schindler |
| Indicação geral da natureza do documento | Registo vídeo |
| Título paralelo | Schindler's List |
| Primeira menção de responsabilidade | real. Steven Spielberg |
| 210 ## - Publicação, Distribuição, etc. | |
| Lugar da edição, distribuição, etc. | PT |
| Nome do editor, distribuidor, etc. | Universal Pictures Portugal [distrib.] |
| Data da publicação, distribuição, etc. | 2003 |
| 323 ## - Nota ao elenco (material de projecção e video de registos sonoros) | |
| Texto da nota | Elenco: Liam Neeson, Ralph Fiennes and Ben Kingsley |
| 306 ## - Notas relativas a publicação, distribuição, etc. | |
| Texto da nota | Distribuidor de Cinema: Universal Pictures Portugal |
| 300 ## - Notas gerais | |
| Texto da nota | vencedor de sete Óscares da Academia em 1993 |
| 322 ## - Nota aos responsáveis artísticos e técnicos (material de projecção e video e registos sonoros) | |
| Texto da nota | Créditos: Produção, Amblin Entertainment; |
| 305 ## - Notas relativas à edição e história bibliográfica da publicação | |
| Texto da nota | Realizado em: 1993 |
| 333 ## - Nota relativa aos potenciais utilizadores | |
| Texto da nota | Classificação: M 14 |
| 330 ## - Sumário ou Resumo | |
| Texto da nota | Resumo: Oskar Schindler is a vainglorious and greedy German businessman who becomes unlikely humanitarian amid the barbaric Nazi reign when he feels compelled to turn his factory into a refuge for Jews. Based on the true story of Oskar Schindler who managed to save about 1100 Jews from being gassed at the Auschwitz concentration camp. A testament for the good in all of us. |
| 327 1# - Nota de conteúdo | |
| Texto da nota | Conteúdo: Legendas: inglês, espanhol, polaco, português; idiomas, inglês, espanhol; filme; trailer; "Making Of"; |
| 606 ## - Nome comum usado como assunto | |
| Número de registo de entrada de autoridade | 0001717 |
| Palavra de ordem | Filme |
| Subdivisão de assunto | Biografia |
| 610 2# - Termos de indexação não controlados | |
| Subject Term | DVD cinema |
| 675 ## - Classificação Decimal Universal (CDU) | |
| Notação | 791.227 |
| Edição | BN |
| Língua da edição | por |
| 702 #1 - Nome de autor-pessoa física (responsabilidade secundária) | |
| Número de registo de entrada de autoridade | 0001719 |
| Palavra de ordem | Spielberg |
| Outra parte do nome não tomada para palavra de ordem | Steven |
| Código de função | Diretor / Director teatral / Realizador |
| 942 ## - Elementos de entrada adicionados (Koha) | |
| Tipo de item no Koha | Livro |
| Situação do levantamento | Origin of item (home branch) (coded) | Biblioteca de empréstimo | Código de barras | Cota | Circulation type (not for loan) | Tipo de documento | Nota do exemplar | Damaged status |
|---|---|---|---|---|---|---|---|---|
| Biblioteca Escolar Eng. Nuno Mergulhão | Biblioteca Escolar Eng. Nuno Mergulhão | BENM2458 | F SCH 2458 | DVD | Sem mensagem |
